|
|
|
|
| LEADER |
02342nam a2200601 i 4500 |
| 001 |
nkc20182997119 |
| 003 |
CZ PrNK |
| 005 |
20180716144937.0 |
| 007 |
ta |
| 008 |
180529s2018 xr ah e f 001 0 cze |
| 015 |
|
|
|a cnb002997119
|
| 020 |
|
|
|a 978-80-7229-652-1
|q (brožováno)
|
| 035 |
|
|
|a (OCoLC)1043864025
|
| 040 |
|
|
|a ABA001
|b cze
|d OLA001
|e rda
|
| 041 |
0 |
|
|a cze
|b cze
|b eng
|
| 072 |
|
7 |
|a 351
|x Úkoly veřejné správy, správní opatření, legislativa
|2 Konspekt
|9 15
|
| 080 |
|
|
|a 327.5
|2 MRF
|
| 080 |
|
|
|a 351.74/.75
|2 MRF
|
| 080 |
|
|
|a 351.78:614.8
|2 MRF
|
| 080 |
|
|
|a 351.78:004.7
|2 MRF
|
| 080 |
|
|
|a 316.3/.6
|2 MRF
|
| 080 |
|
|
|a (048.8)
|2 MRF
|
| 100 |
1 |
|
|a Sak, Petr,
|d 1945-
|7 jn20001031034
|4 aut
|
| 245 |
1 |
0 |
|a Úvod do teorie bezpečnosti :
|b nekonvenční pohledy na minulost, přítomnost a budoucnost lidstva /
|c Petr Sak
|
| 264 |
|
1 |
|a [Praha] :
|b Petrklíč,
|c 2018
|
| 300 |
|
|
|a 271 stran :
|b ilustrace, faksimile ;
|c 21 cm
|
| 336 |
|
|
|a text
|b txt
|2 rdacontent
|
| 337 |
|
|
|a bez média
|b n
|2 rdamedia
|
| 338 |
|
|
|a svazek
|b nc
|2 rdacarrier
|
| 504 |
|
|
|a Obsahuje bibliografii, bibliografické odkazy a rejstříky
|
| 546 |
|
|
|a České a anglické resumé
|
| 500 |
|
|
|a Dostupné též v digitální podobě v aplikaci Kramerius
|
| 650 |
0 |
7 |
|a mezinárodní bezpečnost
|7 ph122799
|2 czenas
|
| 650 |
0 |
7 |
|a vnitřní bezpečnost
|7 ph116711
|2 czenas
|
| 650 |
0 |
7 |
|a osobní bezpečnost
|7 ph123837
|2 czenas
|
| 650 |
0 |
7 |
|a kybernetická bezpečnost
|7 ph716242
|2 czenas
|
| 650 |
0 |
7 |
|a člověk a společnost
|7 ph116878
|2 czenas
|
| 650 |
0 |
9 |
|a international security
|2 eczenas
|
| 650 |
0 |
9 |
|a internal security
|2 eczenas
|
| 650 |
0 |
9 |
|a personal safety
|2 eczenas
|
| 650 |
0 |
9 |
|a cyber security
|2 eczenas
|
| 650 |
0 |
9 |
|a man and society
|2 eczenas
|
| 653 |
0 |
|
|a teorie bezpečnosti
|
| 653 |
0 |
|
|a bezpečnostní věda
|
| 655 |
|
7 |
|a studie
|7 fd133597
|2 czenas
|
| 655 |
|
9 |
|a studies
|2 eczenas
|
| 856 |
4 |
1 |
|u http://www.digitalniknihovna.cz/mzk/uuid/uuid:9dc2c370-50e2-11eb-b4d1-005056827e51
|y Digitalizovaný dokument
|x NDK
|
| 910 |
2 |
|
|a BOA001
|b 2-1410.255
|
| 990 |
|
|
|a BK
|
| 995 |
|
|
|a 01
|
| 991 |
|
|
|b 201806
|c NOV
|
| 996 |
6 |
|
|b 2610746879
|c 2-1410.255
|l MZK
|r Sklad / do 1 hodiny
|n 11
|p p.v.
|w 001670066
|u 000010
|a 1
|e BOA001
|j MZK50
|s P
|
| 996 |
7 |
|
|b 2610749312
|c 2-1410.255
|l Vol.výběr
|r VV 0p
|n 21
|p kup
|h 35 SAK
|w 001670066
|u 000020
|a 0
|e BOA001
|j MZK50
|s A
|